| 000 | 01725cam a2200421 a 4500 | ||
|---|---|---|---|
| 001 | 4492162 | ||
| 003 | OSt | ||
| 005 | 20140310184242.0 | ||
| 008 | 971215s1998 nyuab j b 001 0 eng | ||
| 010 | _a 97052063 | ||
| 020 | _a0439109922 | ||
| 035 | _a(DLC) 97052063 | ||
| 040 |
_aDLC _cDLC _dDLC |
||
| 042 | _alcac | ||
| 050 | 0 | 0 |
_aG 850.1914.S53 _b.Ar76 1999 |
| 100 | 1 |
_aArmstrong, Jennifer. _d1961- _925922 |
|
| 245 | 1 | 0 |
_aShipwreck at the bottom of the world : _bthe extraordinary true story of Shackleton and the Endurance / _cJennifer Armstrong. |
| 250 | _a1st ed. | ||
| 260 |
_aNew York : _bscholastic, _c1999. |
||
| 300 |
_a134 p. : _bill. ; _c25 cm. |
||
| 521 | _aG9 | ||
| 526 | _c1090 | ||
| 600 | 1 | 0 |
_aShackleton, Ernest Henry, _cSir, _d1874-1922 _vJuvenile literature. _925923 |
| 600 | 1 | 1 |
_aShackleton, Ernest Henry, _cSir, _d1874-1922. _925924 |
| 610 | 2 | 0 |
_aEndurance (Ship) _vJuvenile literature. _925925 |
| 610 | 2 | 1 |
_aEndurance (Ship) _925926 |
| 611 | 2 | 0 |
_aImperial Trans-Antarctic Expedition _d(1914-1917) _vJuvenile literature. _925927 |
| 611 | 2 | 1 |
_aImperial Trans-Antarctic Expedition _d(1914-1917) _925928 |
| 651 | 0 |
_aAntarctica _xDiscovery and exploration _xBritish _vJuvenile literature. _925929 |
|
| 856 | 4 | 2 |
_3Contributor biographical information _uhttp://www.loc.gov/catdir/bios/random051/97052063.html |
| 856 | 4 | 2 |
_3Publisher description _uhttp://www.loc.gov/catdir/description/random0415/97052063.html |
| 906 |
_a7 _bcbc _corignew _d1 _eocip _f19 _gy-gencatlg |
||
| 942 |
_2lcc _cBK-SCHOLAS |
||
| 999 |
_c33288 _d33288 |
||